| 000 | 00411nam a2200133 a 4500 | ||
|---|---|---|---|
| 001 | 000045647 | ||
| 005 | 20201002052350.0 | ||
| 008 | 150421s1989 dr 000 0 spa d | ||
| 040 |
_aDO-SdBNP _bspa _cBNPHU |
||
| 082 |
_axxxxxxxxx _bxxxxxxxxx |
||
| 245 | 0 | 0 |
_aCarrera de informática : _bplan de estudios / _cedición Enrique Eusebio. |
| 260 |
_aSanto Domingo : _bUniversitaria, _c1989. |
||
| 300 |
_a48 p. : ; _c21 cm. |
||
| 999 |
_c45136 _d45136 |
||